Jivani sangraha (Record no. 2890)

MARC details
000 -LEADER
fixed length control field 00492cam a2200193ua 4500
001 - CONTROL NUMBER
control field 3045
005 - DATE AND TIME OF LATEST TRANSACTION
control field 20260515113626.0
008 - FIXED-LENGTH DATA ELEMENTS--GENERAL INFORMATION
fixed length control field 110922n ii |||gr||||Z||||||asm
040 ## - CATALOGING SOURCE
Transcribing agency MAIN
082 ## - DEWEY DECIMAL CLASSIFICATION NUMBER
Classification number 920
100 1# - MAIN ENTRY--PERSONAL NAME
Personal name Baruah, Padmanath Gohain,
245 11 - TITLE STATEMENT
Title Jivani sangraha
Statement of responsibility, etc. ed. by Padmanath Gohain Baruah
250 ## - EDITION STATEMENT
Edition statement 3rd.
260 ## - PUBLICATION, DISTRIBUTION, ETC.
Place of publication, distribution, etc. guahati:
Name of publisher, distributor, etc. Publication board assam,991.
300 ## - PHYSICAL DESCRIPTION
Extent 303p:
Dimensions 23p.
653 ## - INDEX TERM--UNCONTROLLED
Uncontrolled term Biography
653 ## - INDEX TERM--UNCONTROLLED
Uncontrolled term Biography of Jivani sangraha
942 ## - ADDED ENTRY ELEMENTS (KOHA)
Koha item type Books
Holdings
Withdrawn status Lost status Damaged status Not for loan Home library Current library Shelving location Date acquired Total checkouts Full call number Barcode Date last seen Copy number Price effective from Koha item type
        Naharkatiya College Library Naharkatiya College Library General stacks 09/19/2020   920 | BAR 9850 09/19/2020 1 09/19/2020 Books